Металлорежущие станки с программным управлением

Xehetasun bibliografikoak
Egile nagusia: Спиридонов А. А. Александр Александрович
Beste egile batzuk: Федоров В. Б. Виктор Борисович
Hizkuntza:errusiera
Argitaratua: Москва, Машиностроение, 1972
Edizioa:2-е изд., перераб. и доп.
Gaiak:
Formatua: MixedMaterials Liburua
KOHA link:https://koha.lib.tpu.ru/cgi-bin/koha/opac-detail.pl?biblionumber=378765

MARC

LEADER 00000nam0a2200000 4500
001 378765
005 20231101054746.0
035 |a (RuTPU)RU\TPU\retro\36226 
035 |a RU\TPU\book\104329 
090 |a 378765 
100 |a 20230614d1972 m y0rusy50 ca 
101 0 |a rus 
102 |a RU 
105 |a a z 001zy 
200 1 |a Металлорежущие станки с программным управлением  |f А. А. Спиридонов, В. Б. Федоров 
205 |a 2-е изд., перераб. и доп. 
210 |a Москва  |c Машиностроение  |d 1972 
215 |a 352 с.  |c ил. 
320 |a Библиогр.: с. 348-349. 
610 1 |a программное управление 
610 1 |a системы счисления 
610 1 |a надежность 
610 1 |a станки с ЧПУ 
610 1 |a классификация 
610 1 |a металлорежущие станки 
675 |a 621.91.01-52  |v 3 
700 1 |a Спиридонов  |b А. А.  |g Александр Александрович 
701 1 |a Федоров  |b В. Б.  |g Виктор Борисович 
801 1 |a RU  |b 63413507  |c 20060525  |g PSBO 
801 2 |a RU  |b 63413507  |c 20230614  |g PSBO 
942 |c BK